<?xml version="1.0" encoding="UTF-8"?>
<record
    xmlns:xsi="http://www.w3.org/2001/XMLSchema-instance"
    xsi:schemaLocation="http://www.loc.gov/MARC21/slim http://www.loc.gov/standards/marcxml/schema/MARC21slim.xsd"
    xmlns="http://www.loc.gov/MARC21/slim">

  <leader>00500nam a22001817a 4500</leader>
  <controlfield tag="005">20251204163119.0</controlfield>
  <controlfield tag="008">251008b        |||||||| |||| 00| 0 eng d</controlfield>
  <datafield tag="020" ind1=" " ind2=" ">
    <subfield code="a">978-98-5466-458-8</subfield>
  </datafield>
  <datafield tag="041" ind1=" " ind2=" ">
    <subfield code="a">eng</subfield>
  </datafield>
  <datafield tag="082" ind1=" " ind2=" ">
    <subfield code="a">616.07 SOO-H</subfield>
  </datafield>
  <datafield tag="100" ind1=" " ind2=" ">
    <subfield code="a">SOOD, RAMNIK</subfield>
    <subfield code="9">8726</subfield>
  </datafield>
  <datafield tag="245" ind1=" " ind2=" ">
    <subfield code="a">HEMATOLOGY: FOR STUDENTS AND PRACTITIONERS INCLUDING PRACTICAL HEMATOLOGY</subfield>
  </datafield>
  <datafield tag="250" ind1=" " ind2=" ">
    <subfield code="a">7 TH ED.</subfield>
  </datafield>
  <datafield tag="260" ind1=" " ind2=" ">
    <subfield code="a">NEW DELHI</subfield>
    <subfield code="b">C.B.S PUBLISHERS </subfield>
  </datafield>
  <datafield tag="300" ind1=" " ind2=" ">
    <subfield code="a">805;P</subfield>
  </datafield>
  <datafield tag="650" ind1=" " ind2=" ">
    <subfield code="a">PARAMEDICAL</subfield>
    <subfield code="x">BMIRT/BMLT</subfield>
    <subfield code="9">8848</subfield>
  </datafield>
  <datafield tag="942" ind1=" " ind2=" ">
    <subfield code="c">BK</subfield>
  </datafield>
  <datafield tag="999" ind1=" " ind2=" ">
    <subfield code="c">8900</subfield>
    <subfield code="d">8898</subfield>
  </datafield>
  <datafield tag="952" ind1=" " ind2=" ">
    <subfield code="0">0</subfield>
    <subfield code="1">0</subfield>
    <subfield code="4">0</subfield>
    <subfield code="7">0</subfield>
    <subfield code="8">PARAMEDICAL</subfield>
    <subfield code="a">JRU</subfield>
    <subfield code="b">JRU</subfield>
    <subfield code="d">2025-10-08</subfield>
    <subfield code="e">PURCHASE</subfield>
    <subfield code="g">2225.00</subfield>
    <subfield code="h">LBI/000780. DATE-4-10-2025</subfield>
    <subfield code="l">0</subfield>
    <subfield code="o">616.15</subfield>
    <subfield code="p">28976</subfield>
    <subfield code="r">2025-10-08 18:09:36</subfield>
    <subfield code="w">2025-10-08</subfield>
    <subfield code="y">BK</subfield>
  </datafield>
  <datafield tag="952" ind1=" " ind2=" ">
    <subfield code="0">0</subfield>
    <subfield code="1">0</subfield>
    <subfield code="4">0</subfield>
    <subfield code="7">0</subfield>
    <subfield code="8">PARAMEDICAL</subfield>
    <subfield code="a">JRU</subfield>
    <subfield code="b">JRU</subfield>
    <subfield code="c">SHELF-106-A</subfield>
    <subfield code="d">2025-10-08</subfield>
    <subfield code="e">PURCHASE</subfield>
    <subfield code="g">2225.00</subfield>
    <subfield code="h">LBI/000780. DATE-4-10-2025</subfield>
    <subfield code="l">1</subfield>
    <subfield code="o">616.15</subfield>
    <subfield code="p">28977</subfield>
    <subfield code="r">2025-10-17 16:11:36</subfield>
    <subfield code="s">2025-10-10</subfield>
    <subfield code="w">2025-10-08</subfield>
    <subfield code="y">BK</subfield>
  </datafield>
  <datafield tag="952" ind1=" " ind2=" ">
    <subfield code="0">0</subfield>
    <subfield code="1">0</subfield>
    <subfield code="4">0</subfield>
    <subfield code="7">0</subfield>
    <subfield code="8">PARAMEDICAL</subfield>
    <subfield code="a">JRU</subfield>
    <subfield code="b">JRU</subfield>
    <subfield code="c">SHELF-106-A</subfield>
    <subfield code="d">2025-10-08</subfield>
    <subfield code="e">PURCHASE</subfield>
    <subfield code="g">2225.00</subfield>
    <subfield code="h">LBI/000780. DATE-4-10-2025</subfield>
    <subfield code="l">1</subfield>
    <subfield code="o">616.15</subfield>
    <subfield code="p">28978</subfield>
    <subfield code="r">2025-10-13 12:21:56</subfield>
    <subfield code="s">2025-10-10</subfield>
    <subfield code="w">2025-10-08</subfield>
    <subfield code="y">BK</subfield>
  </datafield>
  <datafield tag="952" ind1=" " ind2=" ">
    <subfield code="0">0</subfield>
    <subfield code="1">0</subfield>
    <subfield code="4">0</subfield>
    <subfield code="7">0</subfield>
    <subfield code="8">PARAMEDICAL</subfield>
    <subfield code="a">JRU</subfield>
    <subfield code="b">JRU</subfield>
    <subfield code="c">SHELF-106-A</subfield>
    <subfield code="d">2025-10-08</subfield>
    <subfield code="e">PURCHASE</subfield>
    <subfield code="g">2225.00</subfield>
    <subfield code="h">LBI/000780. DATE-4-10-2025</subfield>
    <subfield code="l">0</subfield>
    <subfield code="o">616.15</subfield>
    <subfield code="p">28979</subfield>
    <subfield code="r">2025-10-08 18:09:36</subfield>
    <subfield code="w">2025-10-08</subfield>
    <subfield code="y">BK</subfield>
  </datafield>
  <datafield tag="952" ind1=" " ind2=" ">
    <subfield code="0">0</subfield>
    <subfield code="1">0</subfield>
    <subfield code="4">0</subfield>
    <subfield code="7">0</subfield>
    <subfield code="8">PARAMEDICAL</subfield>
    <subfield code="a">JRU</subfield>
    <subfield code="b">JRU</subfield>
    <subfield code="c">SHELF-106-A</subfield>
    <subfield code="d">2025-10-08</subfield>
    <subfield code="e">PURCHASE</subfield>
    <subfield code="g">2225.00</subfield>
    <subfield code="h">LBI/000780. DATE-4-10-2025</subfield>
    <subfield code="l">1</subfield>
    <subfield code="o">616.15</subfield>
    <subfield code="p">28980</subfield>
    <subfield code="r">2026-01-29 10:16:44</subfield>
    <subfield code="s">2026-01-28</subfield>
    <subfield code="w">2025-10-08</subfield>
    <subfield code="y">BK</subfield>
  </datafield>
  <datafield tag="952" ind1=" " ind2=" ">
    <subfield code="0">0</subfield>
    <subfield code="1">0</subfield>
    <subfield code="4">0</subfield>
    <subfield code="7">0</subfield>
    <subfield code="8">Bachelor of Medical Laboratory Technology</subfield>
    <subfield code="a">JRU</subfield>
    <subfield code="b">JRU</subfield>
    <subfield code="c">SHELF-106-A</subfield>
    <subfield code="d">2025-12-01</subfield>
    <subfield code="e">PURCHASE</subfield>
    <subfield code="g">4995.00</subfield>
    <subfield code="h">LBI-000811/28-11-2025</subfield>
    <subfield code="l">0</subfield>
    <subfield code="o">616.07SOO-H</subfield>
    <subfield code="p">29223</subfield>
    <subfield code="r">2025-12-03 07:13:16</subfield>
    <subfield code="w">2025-12-03</subfield>
    <subfield code="y">BK</subfield>
  </datafield>
  <datafield tag="952" ind1=" " ind2=" ">
    <subfield code="0">0</subfield>
    <subfield code="1">0</subfield>
    <subfield code="4">0</subfield>
    <subfield code="7">0</subfield>
    <subfield code="8">Bachelor of Medical Laboratory Technology</subfield>
    <subfield code="a">JRU</subfield>
    <subfield code="b">JRU</subfield>
    <subfield code="c">SHELF-106-A</subfield>
    <subfield code="d">2025-12-01</subfield>
    <subfield code="e">PURCHASE</subfield>
    <subfield code="g">4995.00</subfield>
    <subfield code="h">LBI-000811/28-11-2025</subfield>
    <subfield code="l">2</subfield>
    <subfield code="o">616.07SOO-H</subfield>
    <subfield code="p">29224</subfield>
    <subfield code="r">2026-03-13 08:09:44</subfield>
    <subfield code="s">2026-02-26</subfield>
    <subfield code="w">2025-12-03</subfield>
    <subfield code="y">BK</subfield>
  </datafield>
</record>
